| 000 | 00723nam a22002177a 4500 | ||
|---|---|---|---|
| 999 |
_c6282 _d6282 |
||
| 003 | AR-CdUCM | ||
| 008 | 190314b ||||| |||| 00| 0 spa d | ||
| 040 |
_aMUNICIPALIDAD PROVINCIAL DEL CUSCO _cBIBLIOTECA MUNICIPAL DEL CUSCO |
||
| 082 |
_a869.5 / _bC41 |
||
| 100 |
_aCervantes, Miguel de _917829 |
||
| 245 | _aPaginas escogidas / | ||
| 260 |
_aSantiago de Chile : _bEdit.Zig-Zag, _c1948. |
||
| 300 |
_a156 paginas ; _c17 cm. |
||
| 440 |
_aSerie morada paginas escogidas N°72 _918038 |
||
| 500 | _aDonación familia Nieto | ||
| 505 | _aContenido :Palabras con sentido --Figuras --Del sueño ya la aventura / | ||
| 650 |
_aLiteratura española _9362 |
||
| 650 |
_aSiglo XX _98 |
||
| 942 |
_2ddc _cLIBROS |
||
| 945 | _arjall | ||